000 00877nam a2200265Ia 4500
003 OSt
005 20220918171018.0
006 a|||||r|||| 00| 0
007 ta
008 220917b |||||||| |||| 00| 0 eng d
020 _a9781137383099 (hbk)
_c5498.14
024 _a284,137
037 _b7416, 04/03/2015, Efficient Book Distributors
_cTextual
040 _aARTS
_cARTS
_beng
041 _2eng
_aeng
082 _aO111,1K08:g, Q4
100 _aGray Catharine Ed.
_933113
245 0 _aMilton now alternative approaches and contexts
260 _aNew York
_bPalgrave Macmillan U.S.A
_c2014
300 _avi, 283p.
_ccm.
490 _aEarly modern cultural studies 1500 - 1700
650 _aENGLISH LITERATURE
942 _hO111,1K08:g, Q4
_cTEXL
_2CC
999 _c137265
_d137265